Elenca la formazione - Quiz n°223 - Statistics

Statistiche generali
  • Questo quiz è stato fatto 33 volte
  • Il punteggio medio è 4 su 11
Statistiche sulle risposte
Ruolo Club dell'epoca Calciatore % Corretto
Difensore Barcellona Carles Puyol
96%
Portiere Real Madrid Iker Casillas
96%
Attaccante Real Madrid Raul
67%
Attaccante Atletico Madrid Fernando Torres
42%
Difensore Real Madrid Iván Helguera
25%
Centrocampista Real Sociedad Xabi Alonso
13%
Centrocampista Betis Siviglia Joaquín
8%
Centrocampista Valencia David Albelda
4%
Difensore Real Madrid Raúl Bravo
4%
Difensore Betis Siviglia Juanito
0%
Centrocampista Valencia Vicente
0%
Nessun quiz corrispondente trovato
Distribuzione punteggi
Percentuale di utenti per punteggio
Percentile per numero di risposta
I tuoi punteggi nel tempo
Non hai fatto questo quiz